000 01777nas a22002897a 4500
005 20250606131126.0
007 cr
008 250606c2010 sp f||p| |||| 00| 0 spa d
022 _a20779445
040 _cAR-FvUNAJ
245 1 0 _aRevista Redbioética :
_bUNESCO /
_cRed Latinoamericana y del Caribe de Bioética.
260 _a[Madrid] :
_bUNESCO,
_c2010 -
300 _aEn línea
310 _aSemestral
362 _aAño 1, Vol. 1, No. 1 (2010) -
500 _aLa Revista Redbioética/UNESCO tiene el objetivo de difundir y promociona los principios establecidos en la Declaración Universal de Bioética y Derechos Humanos, tal como la misma Declaración lo reclama (...). Lo que prioriza es la lectura ética y sobre todo bioética, centrada y sostenida sobre los derechos humanos, que reflexione sobre cuestiones sanitarias, ambientales, socio-políticas y filosóficas. Para ello pretende tomar en cuenta la relación de estas cuestiones con el poder tanto para la cultura occidental como para otras miradas integrales históricamente vigentes en América Latina como las de los pueblos originarios.
_zhttps://redbioetica.com.ar/revista-redbioetica-unesco/
650 2 7 _2saij
_92009
_aBIOETICA
650 2 7 _2saij
_91105
_aDERECHOS HUMANOS
650 2 7 _2decs
_921517
_aDISCUSIONES BIOETICAS
650 2 7 _2decs
_920598
_aETICA EN INVESTIGACION
710 2 _921516
_aRed Latinoamericana y del Caribe de Bioética
856 4 0 _uhttps://redbioetica.com.ar/category/resumenes-revista-redbioetica-unesco/
856 4 0 _uhttps://www.redbioetica.com.ar/wp-content/uploads/2018/11/Art5-Homedes-R10.pdf
_yProblemas Éticos de los Ensayos Clínicos en América Latina
869 _a----
942 _2ddc
_cURL
980 _619227
_aLeticia Ana Abalos
_819227
_gLeticia Ana Abalos
999 _c10968
_d10968